000 00291nam a22001337a 4500
008 181024b xxu||||| |||| 00| 0 eng d
020 _a9780312258481
041 _aeng
080 _a070
100 _a27
101 _aMED
245 _aA Speakers Guidebook
_cDtewart.R
942 _2udc
_cBK
999 _c50869
_d50869